[Event "GBR-ch Major 105th"]
[Site "Hull"]
[Date "2018.08.05"]
[Round "9"]
[White "Jamroz, Viktor"]
[Black "Guha, Chirag"]
[Result "1-0"]
[WhiteElo "1719"]
[BlackElo "1912"]
[PlyCount "111"]
[EventDate "2018.07.28"]
[EventType "swiss"]
[EventRounds "9"]
[EventCountry "ENG"]
[SourceTitle "EXT 2019"]
[Source "ChessBase"]
[SourceDate "2018.10.10"]
[SourceVersion "1"]
[SourceVersionDate "2018.10.10"]
[SourceQuality "1"]

1. e4 e5 2. Nf3 Nc6 3. Bb5 f5 4. Nc3 fxe4 5. Nxe4 d5 6. Nxe5 dxe4 7. Nxc6 Qg5 8. Qe2 Nf6 9. f4 Qxf4 10. d4 Qh4+ 11. g3 Qh3 12. Nxa7+ Bd7 13. Bxd7+ Qxd7 14. Nb5 c6 15. Nc3 Qxd4 16. Be3 Qe5 17. Rd1 Bb4 18. Bd4 Qf5 19. a3 Bxc3+ 20. Bxc3 0-0 21. Rf1 Qe6 22. Bxf6 gxf6 23. Rf4 Rae8 24. Qg4+ Qxg4 25. Rxg4+ Kf7 26. Rd7+ Re7 27. Rxe7+ Kxe7 28. Rxe4+ Kd6 29. Kd2 Rf7 30. Kd3 f5 31. Rd4+ Kc5 32. c4 b5 33. b4+ Kb6 34. c5+ Kc7 35. Ke3 Re7+ 36. Kf4 Re2 37. h4 Rf2+ 38. Ke3 Rf1 39. Rd3 h5 40. Ke2 Ra1 41. Kf3 Rf1+ 42. Ke3 Kc8 43. Rd6 Kc7 44. Rh6 Ra1 45. Rxh5 Rxa3+ 46. Kf4 Rb3 47. Rxf5 Rxb4+ 48. Kg5 Rc4 49. h5 b4 50. h6 Rc1 51. h7 Rh1 52. Rf7+ Kb8 53. Rf8+ Kc7 54. h8Q Rxh8 55. Rxh8 b3 56. Rh1 1-0

[Event "GBR-ch Major 105th"]
[Site "Hull"]
[Date "2018.08.03"]
[Round "7"]
[White "Jamroz, Viktor"]
[Black "Ruane, Brendan J"]
[Result "1-0"]
[WhiteElo "1719"]
[BlackElo "1868"]
[PlyCount "55"]
[EventDate "2018.07.28"]
[EventType "swiss"]
[EventRounds "9"]
[EventCountry "ENG"]
[SourceTitle "CBM 185 Extra"]
[Source "ChessBase"]
[SourceDate "2018.07.29"]
[SourceVersion "1"]
[SourceVersionDate "2018.07.29"]
[SourceQuality "1"]

1. e4 e5 2. Nf3 Nc6 3. Bb5 Nge7 4. d4 exd4 5. Nxd4 g6 6. 0-0 Bg7 7. Be3 0-0 8. Nc3 a6 9. Bxc6 bxc6 10. Qd2 d5 11. Bh6 Bxh6 12. Qxh6 dxe4 13. Rad1 Qe8 14. Nxe4 f6 15. Rfe1 Qf7 16. Nc5 Nf5 17. Qf4 Nxd4 18. Rxd4 Bf5 19. g4 Bc8 20. Rde4 g5 21. Qg3 f5 22. Re7 f4 23. Qc3 Qg6 24. Ne6 Rf6 25. Rg7+ Qxg7 26. Nxg7 Kxg7 27. Re7+ Kg6 28. Qd3+ 1-0

[Event "GBR-ch Major 105th"]
[Site "Hull"]
[Date "2018.07.28"]
[Round "1"]
[White "Jamroz, Viktor"]
[Black "Modi, Kishan Jagdish"]
[Result "0-1"]
[WhiteElo "1719"]
[BlackElo "1938"]
[PlyCount "128"]
[EventDate "2018.07.28"]
[EventType "swiss"]
[EventRounds "9"]
[EventCountry "ENG"]
[SourceTitle "CBM 185 Extra"]
[Source "ChessBase"]
[SourceDate "2018.07.29"]
[SourceVersion "1"]
[SourceVersionDate "2018.07.29"]
[SourceQuality "1"]

1. e4 c5 2. Nf3 d6 3. c3 Nf6 4. Be2 g6 5. 0-0 Bg7 6. Qc2 Qc7 7. h3 0-0 8. d3 Nc6 9. Be3 b6 10. Nbd2 Ba6 11. Rfe1 Rac8 12. Nf1 e5 13. Ng3 Rfe8 14. c4 Bb7 15. Qd2 a6 16. a3 a5 17. Bh6 Qe7 18. Bxg7 Kxg7 19. Qg5 Kh8 20. h4 Ng8 21. h5 Qxg5 22. Nxg5 Rc7 23. hxg6 hxg6 24. Bg4 Nd4 25. Rf1 Nh6 26. Bd1 f6 27. Nf3 Nxf3+ 28. Bxf3 f5 29. Bd1 f4 30. Ne2 Bc6 31. Nc3 Rb8 32. a4 g5 33. f3 Kg7 34. Kf2 Kf6 35. Nd5+ Bxd5 36. cxd5 Rh7 37. Bb3 Rg8 38. Bc4 Ke7 39. Bb5 Kd8 40. Rac1 Rhg7 41. Rh1 Rg6 42. Rh5 g4 43. Rch1 Nf7 44. Rh7 Ke7 45. fxg4 Rxg4 46. R1h2 R8g7 47. Ba6 Rxg2+ 48. Rxg2 Rxh7 49. Bc8 Kf6 50. Bf5 Rg7 51. Rh2 Rg3 52. Be6 Rxd3 53. Rh7 Ng5 54. Rd7 Nxe4+ 55. Ke2 Rb3 56. Rf7+ Kg6 57. Rf8 Rxb2+ 58. Kd3 Nf6 59. Rd8 e4+ 60. Kc3 Rb4 61. Rxd6 e3 62. Bg4 Rd4 63. Bf3 Kf5 64. Rxb6 Nxd5+ 0-1

[Event "Basingstoke 4NCL Spring Bank op-B 1st"]
[Site "Basingstoke"]
[Date "2018.05.28"]
[Round "7"]
[White "Cooper, Malcolm H"]
[Black "Jamroz, Viktor"]
[Result "1-0"]
[WhiteElo "1840"]
[BlackElo "1757"]
[PlyCount "87"]
[EventDate "2018.05.25"]
[EventType "swiss"]
[EventRounds "7"]
[EventCountry "ENG"]
[SourceTitle "CBM 184 Extra"]
[Source "ChessBase"]
[SourceDate "2018.06.28"]
[SourceVersion "1"]
[SourceVersionDate "2018.06.28"]
[SourceQuality "1"]

1. e4 e6 2. d4 d5 3. Nc3 Bb4 4. e5 c5 5. a3 cxd4 6. axb4 dxc3 7. bxc3 Qc7 8. Qd4 Nc6 9. Bb5 Bd7 10. Bxc6 Bxc6 11. f4 a6 12. Ne2 Ne7 13. 0-0 Rc8 14. Ra3 Bb5 15. Qf2 Bxe2 16. Qxe2 Qc4 17. Qxc4 Rxc4 18. Be3 Kd7 19. Bc5 Nc6 20. g3 Rc8 21. Rd1 a5 22. Bd6 axb4 23. cxb4 Rxc2 24. b5 Nd8 25. b6 Nc6 26. Rda1 g6 27. Ra8 Rc1+ 28. Kg2 Rxa1 29. Rxa1 Nd4 30. Rb1 Rc2+ 31. Kh3 h5 32. Rf1 Nb5 33. Bb4 Kc6 34. Ra1 Kxb6 35. Kh4 Rc4 36. Bf8 Nc3 37. Kg5 d4 38. Kf6 Rc7 39. Kg7 d3 40. Bb4 Ne4 41. Ba5+ Kc6 42. Rc1+ Kb5 43. Bxc7 d2 44. Rd1 1-0

[Event "BCF-chT4S 1718 (4NCL)"]
[Site "England"]
[Date "2018.03.24"]
[Round "7.64"]
[White "Jamroz, Viktor"]
[Black "Royal, Shreyas"]
[Result "1/2-1/2"]
[WhiteElo "1678"]
[BlackElo "1907"]
[PlyCount "120"]
[EventDate "2017.11.11"]
[EventType "team-swiss"]
[EventRounds "11"]
[EventCountry "ENG"]
[SourceTitle "EXT 2020"]
[Source "ChessBase"]
[SourceDate "2019.10.17"]
[SourceVersion "1"]
[SourceVersionDate "2019.10.17"]
[SourceQuality "1"]
[WhiteTeam "KJCA Kings II"]
[BlackTeam "KJCA Young Kestrels"]
[WhiteTeamCountry "ENG"]
[BlackTeamCountry "ENG"]

1. e4 c5 2. Nf3 d6 3. c3 Nf6 4. Be2 Nc6 5. d4 cxd4 6. cxd4 Nxe4 7. d5 Qa5+ 8. Nc3 Nxc3 9. bxc3 Nb8 10. 0-0 g6 11. Qd4 f6 12. Rb1 Bg7 13. Bb5+ Bd7 14. Bxd7+ Nxd7 15. Bf4 0-0 16. Rxb7 Rfd8 17. Re1 Qa6 18. Rc7 Qa5 19. Rb7 Qa6 20. Qb4 Bf8 21. Nd4 Nb6 22. Rxb6 Qxb6 23. Nc6 Qxb4 24. cxb4 Rd7 25. a4 a6 26. f3 Kf7 27. Bg3 Rb7 28. Bf2 Bh6 29. a5 Bd2 30. Re2 Bg5 31. Bb6 f5 32. b5 axb5 33. Nd8+ Rxd8 34. Bxd8 b4 35. Bb6 Bc1 36. Re1 Bd2 37. Ra1 Rxb6 38. axb6 Be3+ 39. Kf1 Bxb6 40. Ke2 e6 41. dxe6+ Kxe6 42. Kd3 Bc5 43. Re1+ Kf6 44. Kc4 Kg5 45. Re7 h5 46. Re6 f4 47. h4+ Kf5 48. Re8 Bf2 49. Rf8+ Ke5 50. Kxb4 Bxh4 51. Kc4 d5+ 52. Kd3 Bf6 53. Ra8 g5 54. Ke2 g4 55. Ra4 Kf5 56. Ra5 Ke5 57. Ra4 g3 58. Ra8 h4 59. Rg8 Kf5 60. Rg4 d4 1/2-1/2

[Event "BCF-chT4S 1718 (4NCL)"]
[Site "England"]
[Date "2018.02.10"]
[Round "5.103"]
[White "Willmoth, Harrison"]
[Black "Jamroz, Viktor"]
[Result "1-0"]
[WhiteElo "1703"]
[BlackElo "1678"]
[PlyCount "53"]
[EventDate "2017.11.11"]
[EventType "team-swiss"]
[EventRounds "11"]
[EventCountry "ENG"]
[SourceTitle "EXT 2020"]
[Source "ChessBase"]
[SourceDate "2019.10.17"]
[SourceVersion "1"]
[SourceVersionDate "2019.10.17"]
[SourceQuality "1"]
[WhiteTeam "Barnet Knights II"]
[BlackTeam "KJCA Kings II"]
[WhiteTeamCountry "ENG"]
[BlackTeamCountry "ENG"]

1. e4 e6 2. d3 d5 3. Nd2 c5 4. g3 Nc6 5. Bg2 Be7 6. Ngf3 Nf6 7. 0-0 b5 8. Re1 0-0 9. e5 Nd7 10. Nf1 a5 11. h4 b4 12. Bf4 a4 13. N1h2 Ba6 14. Ng5 Qc7 15. Qh5 Bxg5 16. hxg5 b3 17. Ng4 Kh8 18. Be4 dxe4 19. Kg2 g6 20. Qh6 Rg8 21. Nf6 Rg7 22. Rh1 Nf8 23. Rh3 Ne7 24. Rah1 Nf5 25. Qxh7+ Rxh7 26. Rxh7+ Nxh7 27. Rxh7# 1-0

[Event "BCF-chT4S 1718 (4NCL)"]
[Site "England"]
[Date "2018.01.14"]
[Round "4.53"]
[White "Jamroz, Viktor"]
[Black "Barr, Gabriel"]
[Result "0-1"]
[WhiteElo "1678"]
[BlackElo "1838"]
[PlyCount "106"]
[EventDate "2017.11.11"]
[EventType "team-swiss"]
[EventRounds "11"]
[EventCountry "ENG"]
[SourceTitle "EXT 2020"]
[Source "ChessBase"]
[SourceDate "2019.10.17"]
[SourceVersion "1"]
[SourceVersionDate "2019.10.17"]
[SourceQuality "1"]
[WhiteTeam "KJCA Kings II"]
[BlackTeam "All Anands on Deck"]
[WhiteTeamCountry "ENG"]
[BlackTeamCountry "ENG"]

1. e4 e6 2. d4 d5 3. Bd3 dxe4 4. Bxe4 Nf6 5. Bf3 c5 6. Ne2 Nc6 7. Be3 e5 8. Bxc6+ bxc6 9. dxe5 Qxd1+ 10. Kxd1 Ng4 11. Ng3 Nxe5 12. Re1 Be6 13. Nd2 0-0-0 14. Kc1 Ng4 15. Nb3 Nxe3 16. Rxe3 g6 17. f4 Bh6 18. Ne2 Bg4 19. g3 Rhe8 20. Rxe8 Rxe8 21. Nc3 c4 22. Kd2 cxb3 23. axb3 Kb8 24. h3 Bf5 25. Ra4 Rd8+ 26. Kc1 g5 27. g4 gxf4 28. Ra5 f3+ 29. Kb1 Bg6 30. Ra1 f2 31. Ka2 Bxc2 32. Rf1 Be3 33. h4 Bd3 34. Nd1 Bxf1 35. Nxe3 Bh3 36. h5 f1Q 37. Nxf1 Bxf1 38. g5 Rd5 39. g6 Bd3 40. Ka3 fxg6 41. hxg6 hxg6 42. b4 a5 43. b5 cxb5 44. b3 Bc2 45. b4 axb4+ 46. Kb2 Rd3 47. Ka2 Rh3 48. Kb2 Bf5 49. Kc1 Rh2 50. Kd1 Rc2 51. Ke1 b3 52. Kd1 b2 53. Ke1 b1Q# 0-1

[Event "BCF-chT4S 1718 (4NCL)"]
[Site "England"]
[Date "2017.11.12"]
[Round "2.102"]
[White "Jamroz, Viktor"]
[Black "Vallis, Luke"]
[Result "0-1"]
[WhiteElo "1678"]
[BlackElo "1545"]
[PlyCount "68"]
[EventDate "2017.11.11"]
[EventType "team-swiss"]
[EventRounds "11"]
[EventCountry "ENG"]
[SourceTitle "EXT 2020"]
[Source "ChessBase"]
[SourceDate "2019.10.17"]
[SourceVersion "1"]
[SourceVersionDate "2019.10.17"]
[SourceQuality "1"]
[WhiteTeam "KJCA Kings II"]
[BlackTeam "Camberley Juniors"]
[WhiteTeamCountry "ENG"]
[BlackTeamCountry "ENG"]

1. e4 c5 2. Nf3 e6 3. c3 Nf6 4. e5 Nd5 5. Bc4 Nb6 6. Bb3 Nc6 7. d4 cxd4 8. cxd4 d6 9. 0-0 Be7 10. Nc3 0-0 11. Bc2 dxe5 12. dxe5 a6 13. a3 Nc4 14. Qe2 Nb6 15. Qe4 g6 16. Bh6 Re8 17. Rad1 Nd7 18. Rfe1 Qc7 19. Qf4 Rb8 20. h4 Bf8 21. Bxf8 Rxf8 22. Ne4 Ncxe5 23. Rxd7 Nxf3+ 24. Qxf3 Bxd7 25. Nf6+ Kg7 26. Re2 Bb5 27. Nh5+ gxh5 28. Qxh5 Rh8 29. Qg5+ Kf8 30. Rxe6 fxe6 31. Qf6+ Ke8 32. Qxh8+ Kd7 33. Qxh7+ Kd6 34. Qd3+ Bxd3 0-1

[Event "BCF-chT2b 1617 (4NCL)"]
[Site "England"]
[Date "2017.02.12"]
[Round "6.88"]
[White "Bamber, Elaine"]
[Black "Jamroz, Viktor"]
[Result "1-0"]
[WhiteElo "2083"]
[BlackElo "1721"]
[PlyCount "45"]
[EventDate "2016.11.19"]
[EventType "team-tourn"]
[EventRounds "11"]
[EventCountry "ENG"]
[SourceTitle "EXT 2019"]
[Source "ChessBase"]
[SourceDate "2018.10.10"]
[SourceVersion "1"]
[SourceVersionDate "2018.10.10"]
[SourceQuality "1"]
[WhiteTeam "Alba"]
[BlackTeam "KJCA Kings"]
[WhiteTeamCountry "SCO"]
[BlackTeamCountry "ENG"]

1. e4 e6 2. d4 d5 3. Bd3 c5 4. exd5 exd5 5. Qe2+ Be7 6. dxc5 Nf6 7. Nf3 0-0 8. 0-0 Bxc5 9. Bg5 h6 10. Bh4 g5 11. Nxg5 hxg5 12. Bxg5 Bg4 13. Qd2 Kh8 14. Qf4 Nbd7 15. h3 Be6 16. Qh4+ Kg8 17. Nd2 Be7 18. Rfe1 Re8 19. Re3 Rc8 20. Rg3 Bg4 21. Rxg4 Nxg4 22. Qh7+ Kf8 23. Qh8# 1-0

[Event "London Classic op U1825 8th"]
[Site "London"]
[Date "2016.12.10"]
[Round "2"]
[White "Ramaiya, Arushi"]
[Black "Jamroz, Viktor"]
[Result "0-1"]
[WhiteElo "1536"]
[BlackElo "1662"]
[PlyCount "82"]
[EventDate "2016.12.09"]
[EventType "swiss"]
[EventRounds "5"]
[EventCountry "ENG"]
[SourceTitle "EXT 2019"]
[Source "ChessBase"]
[SourceDate "2018.10.10"]
[SourceVersion "1"]
[SourceVersionDate "2018.10.10"]
[SourceQuality "1"]

1. e4 e6 2. d4 d5 3. Nd2 c5 4. c3 Nc6 5. Ngf3 a6 6. Be2 c4 7. 0-0 Bd6 8. Re1 Nge7 9. Qc2 b5 10. e5 Bc7 11. a4 Bd7 12. axb5 axb5 13. Rxa8 Qxa8 14. b3 h6 15. Nh4 g5 16. Nhf3 Ng6 17. h3 Nf4 18. Nh2 Nxe2+ 19. Rxe2 cxb3 20. Nxb3 Qa4 21. Qa2 Na5 22. Qxa4 bxa4 23. Nc5 Nb3 24. Nxd7 Kxd7 25. Ba3 Ba5 26. Rc2 Rc8 27. Nf3 Rxc3 28. Rxc3 Bxc3 29. Kh2 Nxd4 30. Kg3 Nxf3 31. gxf3 Bxe5+ 32. Kg4 Bd6 33. Bxd6 Kxd6 34. Kh5 a3 35. Kxh6 a2 36. Kxg5 a1Q 37. h4 Qg7+ 38. Kf4 Qe5+ 39. Kg4 Qf5+ 40. Kg3 d4 41. Kg2 d3 0-1